Statistiques concernant Evolutions de Pokémon - 6ème Génération

Cliquez ici pour prendre le quiz!

Statistiques générales

  • Ce quiz a été pris 28 fois
  • Le résultat moyen est 18 sur 24

Statistiques - réponses

PokémonEvolution% Correct
Grenousse (2)Amphinobi
100%
GrenousseCroâporal
89%
Passerouge (2)Flambusard
81%
FeunnecRoussil
81%
Marisson (2)Blindépique
78%
MarissonBoguérisse
78%
CabriolaineChevroum
78%
MonorpaleDimoclès
78%
Monorpale (2)Exagide
78%
Feunnec (2)Goupelin
78%
Mucuscule (2)Muplodocus
78%
PasserougeBraisillon
74%
MucusculeColimucus
74%
BrocélômeDesséliande
74%
FlabébéFloette
74%
Flabébé (2)Florges
74%
HélionceauNémélios
74%
PtyranidurRexilius
74%
SonistrelleBruyverne
70%
SucroquinCupcanaille
67%
VenalgueKravarech
67%
LépidonillePérégrain
67%
Lépidonille (2)Prismillon
67%
GrelaçonSéracrawl
63%

Distribution des résultats

Percentile par nombre de réponses

% des personnes avec chaque résultat

Votre développement - résultats

Vous n’avez pas pris ce quiz